000 00919nam a22001937a 4500
008 100910t xxu||||| |||| 00| 0 eng d
020 _a9781856045940
050 _aQ180.55
_b.M66 2006
100 _aMoore, Nick.
245 _aHow to do research :
_ba practical guide to designing and managing research projects /
250 _a3rd rev. ed.
260 _aLondon
_b Facet
_c2006.
300 _axv, 176 p. :
_bill. ;
_c24 cm.
500 _aIncludes bibliographical references (p. [159]-162) and index.
650 _bResearch --Methodology.
942 _2lcc
_cBK
999 _c37290
_d37290